00427nam a2200121Ia 4500008004100000082001600041100001500057245006200072260004100134365000600175630006200181730006200243100415s9999 xx 000 0 und d b5782a595.7 aBlough,G.O aThe Insect Parade : The Basre Sciences Education Series aEVANSTONc1957bROW PETERSON AND CO. b4 aThe Insect Parade : The Basre Sciences Education Series aThe Insect Parade : The Basre Sciences Education Series